000 00295nam a2200133Ia 4500
008 230312s9999||||xx |||||||||||||| ||und||
082 _a891.4
_bHUS-K
100 _aHussain, Intizar
245 0 _aKhayal Number 1857
260 _bSangeMeel
300 _a330
650 _aLiterature
942 _cBK
999 _c8797
_d8797